The muse: a journal of creative and critical writing at nsukka (Record no. 38699)
[ view plain ]
| 000 -LEADER | |
|---|---|
| fixed length control field | 00431nam a2200157Ia 4500 |
| 022 ## - INTERNATIONAL STANDARD SERIAL NUMBER | |
| ISSN | 03313468 |
| 050 ## - CALL MARK | |
| Classification number | PR 9344.5 .M87/ |
| 245 #4 - TITLE STATEMENT | |
| Title | The muse: a journal of creative and critical writing at nsukka |
| 260 ## - PUBLICATION, DISTRIBUTION, ETC. (IMPRINT) | |
| Place of publication | Enugu |
| 260 ## - PUBLICATION, DISTRIBUTION, ETC. (IMPRINT) | |
| Name of publisher | Raymond publications |
| 260 ## - PUBLICATION, DISTRIBUTION, ETC. (IMPRINT) | |
| Year of publication | 2011 |
| 650 ## - SUBJECT ADDED ENTRY--TOPICAL TERM | |
| Topical Term | African literature (English)--Periodicals. |
| 942 ## - ADDED ENTRY ELEMENTS (KOHA) | |
| Koha item type | Serials |
No items available.